000 nam a22 7a 4500
999 _c29358
_d29358
008 171205b xxu||||| |||| 00| 0 eng d
020 _a9789966463173
050 _aAFR PL 8704 .M83 1987
100 _aMwachofi, Ari Katini
245 _aMama ee/
_cAri Katini Mwachofi
260 _aNairobi :
_bE.A E.P.,
_c©1987.
300 _avi, 130p.
650 _aSwahili language
942 _2lcc
_cAFRICANA
_hAFR PL 8704 .M83 1987